[Event "CAN-ch U20"]
[Site "Calgary"]
[Date "2012.01.06"]
[Round "3"]
[White "Lee, Brendon"]
[Black "MacKinnon, Keith"]
[Result "0-1"]
[WhiteElo "1869"]
[BlackElo "2349"]
[PlyCount "60"]
[EventDate "2012.01.05"]
[EventType "swiss"]
[EventRounds "7"]
[EventCountry "CAN"]
[SourceTitle "EXT 2022"]
[Source "ChessBase"]
[SourceDate "2021.10.06"]
[SourceVersion "1"]
[SourceVersionDate "2021.10.06"]
[SourceQuality "1"]

1. e4 c5 2. Nf3 e6 3. d3 Nc6 4. g3 d5 5. Nbd2 g6 6. Bg2 Bg7 7. 0-0 Nf6 8. Re1 0-0 9. c3 d4 10. e5 Nd7 11. Nc4 Qc7 12. Bf4 Nb6 13. Nd6 Nd5 14. Nb5 Qb6 15. c4 Nxf4 16. gxf4 Bh6 17. Ng5 f6 18. exf6 Rxf6 19. Qg4 Ne7 20. Qh3 Kg7 21. Re5 a6 22. Na3 Qxb2 23. Rae1 Bxg5 24. fxg5 Qxf2+ 25. Kh1 Rf5 26. Rf1 Qxa2 27. Rfxf5 Nxf5 28. Rxf5 gxf5 29. Qh6+ Kg8 30. Bf3 Qf2 0-1

[Event "CAN-ch U20"]
[Site "Calgary"]
[Date "2012.01.05"]
[Round "1"]
[White "Lee, Brendon"]
[Black "Li, Kevin"]
[Result "0-1"]
[WhiteElo "1869"]
[BlackElo "2238"]
[PlyCount "76"]
[EventDate "2012.01.05"]
[EventType "swiss"]
[EventRounds "7"]
[EventCountry "CAN"]
[SourceTitle "EXT 2022"]
[Source "ChessBase"]
[SourceDate "2021.10.06"]
[SourceVersion "1"]
[SourceVersionDate "2021.10.06"]
[SourceQuality "1"]

1. e4 c5 2. Nf3 Nc6 3. d3 e6 4. g3 d5 5. Nbd2 Nf6 6. Bg2 Be7 7. 0-0 0-0 8. Re1 Qc7 9. Nf1 dxe4 10. dxe4 Rd8 11. Qe2 e5 12. h4 Bg4 13. N1h2 Nd4 14. Qc4 b5 15. Qc3 b4 16. Qc4 Be6 17. Qd3 Nb3 18. Qxd8+ Rxd8 19. axb3 h6 20. Nd2 c4 21. bxc4 Bxc4 22. Nxc4 Qxc4 23. Rxa7 Bc5 24. Rb7 Qa6 25. Rc7 Qb6 26. Rxc5 Qxc5 27. c3 bxc3 28. bxc3 Qxc3 29. Rf1 Rd4 30. Be3 Ra4 31. Nf3 Nxe4 32. Rc1 Qb2 33. Ne1 Qb3 34. Bf1 Nxg3 35. Rc8+ Kh7 36. Bd3+ e4 37. Bc2 Ne2+ 38. Kg2 Qe6 0-1

[Event "CAN-ch U20"]
[Site "Mississauga"]
[Date "2011.04.22"]
[Round "2"]
[White "Lee, Brendon"]
[Black "Qian, Owen"]
[Result "1-0"]
[WhiteElo "1931"]
[BlackElo "1488"]
[PlyCount "107"]
[EventDate "2011.04.21"]
[EventType "swiss"]
[EventRounds "9"]
[EventCountry "CAN"]
[SourceTitle "EXT 2022"]
[Source "ChessBase"]
[SourceDate "2021.10.06"]
[SourceVersion "1"]
[SourceVersionDate "2021.10.06"]
[SourceQuality "1"]

1. e4 e6 2. d3 d5 3. Nd2 Nf6 4. Ngf3 c5 5. g3 Nc6 6. Bg2 b6 7. 0-0 Be7 8. Re1 0-0 9. e5 Nd7 10. Nf1 Ba6 11. h4 Qc7 12. Bf4 Rfe8 13. N1h2 b5 14. h5 c4 15. d4 b4 16. c3 bxc3 17. bxc3 Qa5 18. Qc2 Rab8 19. Ng4 Ba3 20. Reb1 Bb5 21. Bc1 Rb6 22. Qd2 Bxc1 23. Rxc1 Reb8 24. Qg5 Kf8 25. h6 gxh6 26. Nxh6 Ne7 27. Qf4 Ke8 28. Qxf7+ Kd8 29. Ng5 Qa6 30. Bh3 Nf5 31. Nxf5 exf5 32. e6 h6 33. a4 hxg5 34. axb5 Qxb5 35. exd7 Qxd7 36. Qxd7+ Kxd7 37. Bxf5+ Ke7 38. Rxa7+ Kf6 39. g4 R6b7 40. Rxb7 Rxb7 41. Kg2 Rb3 42. Kg3 Ra3 43. Kf3 Rb3 44. Ke2 Ra3 45. Kd2 Ra2+ 46. Bc2 Ra7 47. Re1 Rd7 48. Re5 Rd8 49. Rf5+ Ke6 50. Rxg5 Rh8 51. Re5+ Kd6 52. g5 Rh2 53. Rf5 Rg2 54. g6 1-0

[Event "CAN-ch U20"]
[Site "Mississauga"]
[Date "2011.04.21"]
[Round "1"]
[White "Sapozhnikov, Roman"]
[Black "Lee, Brendon"]
[Result "1-0"]
[WhiteElo "2443"]
[BlackElo "1900"]
[PlyCount "71"]
[EventDate "2011.04.21"]
[EventType "swiss"]
[EventRounds "9"]
[EventCountry "CAN"]
[SourceTitle "EXT 2022"]
[Source "ChessBase"]
[SourceDate "2021.10.06"]
[SourceVersion "1"]
[SourceVersionDate "2021.10.06"]
[SourceQuality "1"]

1. e4 c5 2. Nf3 d6 3. d4 cxd4 4. Nxd4 Nf6 5. Nc3 g6 6. Be3 Bg7 7. f3 0-0 8. Qd2 Nc6 9. 0-0-0 Bd7 10. g4 a6 11. h4 Ne5 12. Bh6 b5 13. h5 b4 14. Nd5 Nxd5 15. exd5 Qc8 16. hxg6 fxg6 17. Bxg7 Kxg7 18. Qh6+ Kf7 19. Qxh7+ Ke8 20. Qg7 Nf7 21. Bd3 Ra7 22. Bxg6 e5 23. Bxf7+ Rxf7 24. Rh8+ Ke7 25. Qg5+ Rf6 26. Rh7+ Kd8 27. Rh8+ Be8 28. Qxf6+ Kc7 29. Qe7+ Kb6 30. Qxd6+ Kb7 31. Nc6 a5 32. Rh7+ Kb6 33. Nxa7+ Qc6 34. dxc6 a4 35. Qxb4+ Ka6 36. Qb5# 1-0

[Event "North American-ch U18"]
[Site "Montreal"]
[Date "2010.08.18"]
[Round "5"]
[White "Desrivieres, Gerald"]
[Black "Lee, Brendon"]
[Result "0-1"]
[WhiteElo "743"]
[BlackElo "1428"]
[PlyCount "128"]
[EventDate "2010.08.16"]
[EventType "swiss"]
[EventRounds "7"]
[EventCountry "CAN"]
[SourceTitle "EXT 2013"]
[Source "ChessBase"]
[SourceDate "2012.11.22"]
[SourceVersion "1"]
[SourceVersionDate "2012.11.22"]
[SourceQuality "1"]

1. e4 c5 2. Bc4 d6 3. h3 Nf6 4. Nc3 Nc6 5. Bb5 Bd7 6. Bxc6 Bxc6 7. d3 e6 8. Nf3 Be7 9. Be3 Qc7 10. Qd2 0-0 11. Bh6 Ne8 12. h4 Bf6 13. Qf4 gxh6 14. Qxh6 Bg7 15. Qg5 h6 16. Qg4 Nf6 17. Qh3 d5 18. e5 Nd7 19. Qg3 Nxe5 20. Nxe5 Qxe5+ 21. Qxe5 Bxe5 22. 0-0-0 b5 23. Ne2 a5 24. f4 Bg7 25. Rh3 Kh7 26. Kb1 d4 27. g4 Rae8 28. Nc1 f5 29. g5 h5 30. Nb3 c4 31. Nxa5 Bd5 32. dxc4 bxc4 33. Ra3 Ra8 34. b3 Rfb8 35. Nxc4 Rxa3 36. Nxa3 Kg6 37. Kc1 Ra8 38. Kb2 Bf3 39. Rd2 Be4 40. Nc4 d3+ 41. c3 Rb8 42. Nd6 Rd8 43. Nb5 Rd5 44. Nc7 Rc5 45. Nxe6 Bxc3+ 46. Kb1 Rc6 47. Nf8+ Kg7 48. Nd7 Bxd2 49. Ne5 Rc1+ 50. Kb2 Bxf4 51. Nxd3 Bxd3 52. a4 Rc2+ 53. Ka3 Bd6+ 54. b4 Rc3+ 55. Kb2 Bxb4 56. Ka1 Rb3 57. Ka2 Bc4 58. a5 Bxa5 59. g6 f4 60. Ka1 f3 61. Ka2 f2 62. Ka1 Bc3+ 63. Ka2 Rb2+ 64. Ka3 Ra2# 0-1